Normal view MARC view

Entry Nombre de reunión

Number of records used in: 1

001 - NÚMERO DE CONTROL

  • campo de control: 19734

003 - IDENTIFICADOR DE NÚMERO DE CONTROL

  • campo de control: OSt

005 - FECHA Y HORA DE LA ÚLTIMA TRANSACCIÓN

  • campo de control: 20221005155946.0

008 - ELEMENTOS DE DATO DE LONGITUD-FIJA

  • campo de control de longitud fija: 221005|| aca||aabn | a|a d

040 ## - FUENTE DE CATALOGACIÓN

  • Centro catalogador/agencia de origen: OSt
  • Centro/agencia transcriptor: OSt

111 ## - ENCABEZAMIENTO--NOMBRE DE CONGRESO/REUNIÓN

  • Nombre de congreso/reunión o jurisdicción como elemento de entrada: JORNADAS SOBRE LOS EFECTOS DE LA REFORMA LABORAL : DESPIDO, CONTRATACION Y NEGOCIACION COLECTIVA
  • Fecha del congreso o de la firma del tratado: (2010 :
  • Sede del congreso/Lugar de la reunión: Madrid)

670 ## - FUENTE DE DATOS ENCONTRADOS

  • Cita de la fuente: Work cat.: (OSt)19856: BODAS MARTIN, Ricardo 1413, Incidencia de la ley 35/2010, de 18 de septiembre, en las relaciones laborales de las administraciones públicas /, 2011

Powered by Koha